Costa Rica's 81 cantons (Los 81 cantones de Costa Rica) - Estadísticas

Estadísticas generales
  • Esta prueba ha sido intentada 505 veces
  • La puntuación promedio es 54 de 81
Estadísticas de respuestas
Provincia Cantón % Correcto
San José 1 San José
95%
Alajuela 1 Alajuela
89%
Heredia 1 Heredia
88%
Limón 1 Limón
88%
Cartago 1 Cartago
87%
Guanacaste 1 Liberia
86%
San José 7 Mora
84%
San José 3 Desamparados
82%
San José 2 Escazú
82%
Puntarenas 1 Puntarenas
82%
San José 19 Pérez Zeledón
81%
Cartago 5 Turrialba
81%
Alajuela 10 San Carlos
80%
Guanacaste 2 Nicoya
78%
San José 13 Tibás
78%
San José 14 Moravia
77%
Limón 2 Pococí
77%
San José 10 Alajuelita
76%
San José 8 Goicoechea
76%
Alajuela 3 Grecia
76%
San José 9 Santa Ana
76%
San José 18 Curridabat
74%
Heredia 10 Sarapiquí
74%
Cartago 3 La Unión
72%
San José 15 Montes de Oca
72%
Limón 4 Talamanca
71%
San José 11 Vázquez de Coronado
71%
Puntarenas 11 Garabito
70%
Alajuela 2 San Ramón
70%
Heredia 3 Santo Domingo
70%
Alajuela 8 Poás
69%
Guanacaste 3 Santa Cruz
69%
Heredia 7 Belén
68%
San José 17 Dota
68%
Alajuela 14 Los Chiles
68%
Cartago 2 Paraíso
68%
Alajuela 13 Upala
68%
Alajuela 5 Atenas
67%
Heredia 2 Barva
67%
San José 6 Aserrí
66%
Alajuela 6 Naranjo
66%
Puntarenas 2 Esparza
65%
Heredia 8 Flores
65%
Alajuela 9 Orotina
65%
Heredia 5 San Rafael
65%
Heredia 4 Santa Bárbara
65%
Alajuela 7 Palmares
64%
Alajuela 11 Zarcero
64%
San José 4 Puriscal
63%
Puntarenas 7 Golfito
62%
Guanacaste 10 La Cruz
62%
Puntarenas 5 Osa
62%
Puntarenas 6 Quepos
62%
Heredia 6 San Isidro
62%
Heredia 9 San Pablo
62%
Limón 3 Siquirres
62%
Guanacaste 6 Cañas
61%
San José 12 Acosta
59%
Alajuela 12 Valverde Vega
59%
Guanacaste 4 Bagaces
58%
Cartago 7 Oreamuno
57%
Puntarenas 9 Parrita
57%
Puntarenas 3 Buenos Aires
56%
Guanacaste 5 Carrillo
56%
Puntarenas 8 Coto Brus
56%
Limón 5 Matina
55%
Guanacaste 8 Tilarán
55%
San José 5 Tarrazú
54%
Alajuela 15 Guatuso
53%
Limón 6 Guácimo
52%
Guanacaste 11 Hojancha
52%
Guanacaste 9 Nandayure
52%
Alajuela 4 San Mateo
51%
San José 16 Turrubares
51%
Cartago 8 El Guarco
50%
San José 20 León Cortés Castro
50%
Puntarenas 10 Corredores
49%
Guanacaste 7 Abangares
48%
Cartago 6 Alvarado
48%
Cartago 4 Jiménez
46%
Puntarenas 4 Montes de Oro
46%
No se encontraron pruebas coincidentes
Distribución de puntuación
Porcentaje de gente con cada puntuación
Porcentaje por número respondido
Historial de tus puntuaciones
No has intentado esta prueba.